Business and management / (Record no. 2032)
[ view plain ]
| 000 -LEADER | |
|---|---|
| fixed length control field | 00637nam a22002537a 4500 |
| 003 - CONTROL NUMBER IDENTIFIER | |
| control field | OSt |
| 005 - DATE AND TIME OF LATEST TRANSACTION | |
| control field | 20140310181722.0 |
| 008 - FIXED-LENGTH DATA ELEMENTS--GENERAL INFORMATION | |
| fixed length control field | 130306t xxu||||| |||| 00| 0 eng d |
| 020 ## - INTERNATIONAL STANDARD BOOK NUMBER | |
| International Standard Book Number | 9781876659639 |
| 050 ## - LIBRARY OF CONGRESS CALL NUMBER | |
| Classification number | HD 30.413 |
| Item number | .H678 2007 |
| 082 ## - DEWEY DECIMAL CLASSIFICATION NUMBER | |
| Classification number | IB 658.002 |
| -- | H65 2007 |
| 100 ## - MAIN ENTRY--PERSONAL NAME | |
| Personal name | Hoang, Paul |
| 245 ## - TITLE STATEMENT | |
| Title | Business and management / |
| Statement of responsibility, etc | Paul Hoang |
| 260 ## - PUBLICATION, DISTRIBUTION, ETC. (IMPRINT) | |
| Place of publication, distribution, etc | Melton, AU : |
| Name of publisher, distributor, etc | IBID Press, |
| Date of publication, distribution, etc | 2008. |
| 300 ## - PHYSICAL DESCRIPTION | |
| Dimensions | 25 cm. |
| Other physical details | ill. |
| Extent | 750 p. : |
| 526 ## - STUDY PROGRAM INFORMATION NOTE | |
| Reading level | 1070L to 1220L |
| 650 ## - SUBJECT ADDED ENTRY--TOPICAL TERM | |
| Topical term or geographic name as entry element | Business |
| General subdivision | Management |
| 942 ## - ADDED ENTRY ELEMENTS (KOHA) | |
| Source of classification or shelving scheme | Library of Congress Classification |
| Koha item type | Books |
| Withdrawn status | Lost status | Source of classification or shelving scheme | Damaged status | Home library | Current library | Shelving location | Date acquired | Total Checkouts | Full call number | Barcode | Date last seen | Date checked out | Copy number | Price effective from | Koha item type | Total Renewals | Checked out |
|---|---|---|---|---|---|---|---|---|---|---|---|---|---|---|---|---|---|
| Library of Congress Classification | Luxembourg Library | Luxembourg Library | International Baccalaureate Section | 06/21/2013 | 2 | HD 30.413 .H678 2008 | 16847 | 01/05/2016 | 01/05/2016 | 1 | 06/21/2013 | Books | |||||
| Library of Congress Classification | Luxembourg Library | Luxembourg Library | International Baccalaureate Section | 06/21/2013 | 1 | HD 30.413 .H678 2010 | 18695 | 09/06/2018 | 09/06/2018 | 2 | 06/21/2013 | Books | 4 | 11/21/2018 | |||
| Library of Congress Classification | Luxembourg Library | Luxembourg Library | International Baccalaureate Section | 03/06/2013 | 4 | HD 30.413 .H678 2010 | 18693 | 05/17/2022 | 05/02/2022 | 3 | 03/06/2013 | Books | 5 | ||||
| Library of Congress Classification | Luxembourg Library | Luxembourg Library | International Baccalaureate Section | 03/06/2013 | 3 | HD 30.413 .H678 2010 | 18694 | 05/30/2019 | 08/20/2018 | 4 | 03/06/2013 | Books | 93 | ||||
| Library of Congress Classification | Luxembourg Library | Luxembourg Library | International Baccalaureate Section | 03/06/2013 | HD 30.413 .H678 2008 | 16848 | 02/28/2019 | 5 | 03/06/2013 | Books | |||||||
| Library of Congress Classification | Luxembourg Library | Luxembourg Library | International Baccalaureate Section | 03/06/2013 | HD 30.413 .H678 2009 | IB0014 | 08/13/2013 | 6 | 03/06/2013 | Books |